000 00280nam a22001217a 4500
008 181107b xxu||||| |||| 00| 0 eng d
041 _aeng
080 _a610
100 _a4
101 _aSHM
245 _aA Philosophical Basis of Medical Practice
_cPellegrino
942 _2udc
_cBK
999 _c52240
_d52240